Stati per minore estensione - America del Nord - Statistics

Statistiche generali
  • Questo quiz è stato fatto 8 volte
  • Il punteggio medio è 9 su 10
Statistiche sulle risposte
Superficie (km²) Nazione % Corretto
442 Antigua e Barbuda
100%
431 Barbados
100%
261 Saint Kitts e Nevis
100%
616 Saint Lucia
100%
13 940 Bahamas
88%
10 991 Giamaica
88%
345 Grenada
88%
389 Saint Vincent e Grenadine
88%
750 Dominica
75%
5 127 Trinidad e Tobago
75%
Nessun quiz corrispondente trovato
Distribuzione punteggi
Percentuale di utenti per punteggio
Percentile per numero di risposta
I tuoi punteggi nel tempo
Non hai fatto questo quiz